[Event "Groningen Open A"]
[Site "Groningen NED"]
[Date "2012.12.29"]
[Round "8.35"]
[White "Van Osch, Mees"]
[Black "Schoehuijs, Erik"]
[Result "1-0"]
[WhiteElo "2090"]
[BlackElo "2160"]
[WhiteFideId "1035967"]
[BlackFideId "1004425"]
[EventDate "2012.12.21"]

1. e4 e5 2. Nf3 Nc6 3. Bb5 Nf6 4. Bxc6 bxc6 5. O-O Be7 6. Re1 d6 7. d4 exd4 8.
Nxd4 Bd7 9. Nc3 O-O 10. Qf3 Re8 11. Bg5 h6 12. Bh4 Nh7 13. Bxe7 Qxe7 14. Rad1
Rab8 15. b3 Qe5 16. Qe3 Nf6 17. h3 Nh5 18. Nf3 Qf6 19. Qd4 Qg6 20. Nh4 Qg5 21.
Nf3 Qf4 22. e5 d5 23. Ne2 Qxd4 24. Rxd4 c5 25. Rxd5 Bc6 26. Rxc5 Bxf3 27. gxf3
f6 28. e6 g5 29. Ng3 Nf4 30. e7 a6 31. Rxc7 Rb5 32. c4 Ra5 33. Ne4 Nd3 34. Nxf6+
Kf7 35. Nxe8 Nxe1 1-0

[Event "Groningen Open A"]
[Site "Groningen NED"]
[Date "2012.12.29"]
[Round "8.38"]
[White "Beerdsen, Thomas"]
[Black "Brookes, Christopher"]
[Result "0-1"]
[WhiteElo "2076"]
[BlackElo "2163"]
[WhiteFideId "1030108"]
[BlackFideId "4669355"]
[EventDate "2012.12.21"]

1. e4 c5 2. Nf3 d6 3. d4 cxd4 4. Nxd4 Nf6 5. Nc3 Nc6 6. Be3 Ng4 7. Bb5 Nxe3 8.
Nxc6 Nxd1 9. Nxd8+ Kxd8 10. Rxd1 e6 11. f4 Be7 12. O-O a6 13. Bc4 Kc7 14. Kh1
Re8 15. Rf3 b5 16. Bb3 Bb7 17. a3 Rad8 18. Re1 Bh4 19. Re2 h6 20. Rd3 Bc6 21. h3
Bf6 22. Kh2 g5 23. g3 Bg7 24. Rf2 Re7 25. Rdf3 f5 26. Re2 Kb7 27. fxg5 hxg5 28.
Rd3 Bxc3 29. Rxc3 Bxe4 30. a4 b4 31. Rc4 a5 32. Rd4 d5 33. c3 bxc3 34. bxc3 Kc6
35. Kg1 Rh8 36. g4 Rxh3 37. gxf5 Rh1+ 38. Kf2 Rh2+ 0-1

[Event "Groningen Open A"]
[Site "Groningen NED"]
[Date "2012.12.29"]
[Round "8.40"]
[White "Kevlishvili, Robby"]
[Black "Knol, Geon"]
[Result "0-1"]
[WhiteElo "1941"]
[BlackElo "2160"]
[WhiteFideId "1040634"]
[BlackFideId "1012142"]
[EventDate "2012.12.21"]

1. e4 e5 2. Nf3 Nf6 3. Nxe5 Nc6 4. Nxc6 dxc6 5. d3 Bc5 6. Be2 Be6 7. Nc3 h5 8.
Bg5 Qd6 9. Qd2 Ng4 10. Bxg4 hxg4 11. O-O-O Bb4 12. d4 f6 13. e5 Qe7 14. exf6
gxf6 15. Bf4 O-O-O 16. Qe3 Qf7 17. d5 cxd5 18. Nb5 d4 19. Rxd4 Bc4 20. Nxa7+ Kb8
21. Rxd8+ Rxd8 22. Nc6+ bxc6 23. Qb6+ Kc8 24. Qxb4 Qd5 25. b3 Qd4 26. Kb1 Qxf4
27. Qxc4 Qxc4 28. bxc4 Kb7 29. h4 Kb6 30. h5 Kc5 31. h6 Kxc4 32. h7 Rh8 33. Rh6
c5 34. Rxf6 Rxh7 35. Rf4+ Kc3 36. a4 Rh1+ 37. Ka2 Rc1 38. a5 Rxc2+ 39. Ka3 Rc1
40. Ka2 Rc2+ 41. Kb1 Re2 42. Rxg4 Rxf2 43. a6 Rf6 44. Rg5 Kb4 45. Rg7 Rxa6 46.
Rxc7 Rg6 47. Rh7 c4 48. Rh3 Rxg2 49. Rf3 Rd2 50. Kc1 Rd4 51. Kc2 Rg4 52. Rh3
Rg2+ 53. Kb1 Rg5 54. Kb2 Rd5 55. Rg3 Rd3 56. Rg1 Rd2+ 57. Kc1 Kc3 58. Rg4 Rd3
59. Rg2 Rh3 60. Rg1 Kb3 61. Rg8 Rh1+ 62. Kd2 c3+ 63. Ke2 c2 64. Rb8+ Ka4 65.
Ra8+ Kb5 66. Rb8+ Ka6 0-1

[Event "Groningen Open A"]
[Site "Groningen NED"]
[Date "2012.12.29"]
[Round "8.41"]
[White "Sparenberg, Erik"]
[Black "Ratsma, Midas"]
[Result "1-0"]
[WhiteElo "2114"]
[BlackElo "2031"]
[WhiteFideId "1013262"]
[BlackFideId "1032283"]
[EventDate "2012.12.21"]

1. d4 Nf6 2. Nf3 c5 3. e3 e6 4. Be2 d5 5. O-O Nc6 6. a3 Qc7 7. Nc3 a6 8. b3 b5
9. Bb2 c4 10. Nb1 Bd6 11. a4 Bb7 12. axb5 axb5 13. Rxa8+ Bxa8 14. c3 Ne4 15. h3
O-O 16. Nfd2 f5 17. Nxe4 fxe4 18. Ba3 e5 19. Bxd6 Qxd6 20. bxc4 dxc4 21. Qc2
exd4 22. cxd4 Nb4 23. Qb2 Rb8 24. Qa3 Bc6 25. Nc3 Ra8 26. Nxb5 Qe7 27. Bxc4+ Kh8
28. Qb3 Ra5 29. Rb1 Nd5 30. Nd6 h6 31. Nf5 Qg5 32. Qb8+ Kh7 33. Qc8 Ba8 34. Rb8
Ra1+ 35. Kh2 Qf6 36. Rxa8 Rc1 37. Qg8+ Kg6 38. Qxd5 1-0

[Event "Groningen Open A"]
[Site "Groningen NED"]
[Date "2012.12.29"]
[Round "8.42"]
[White "Richters, Marc"]
[Black "Van Foreest, Lucas"]
[Result "0-1"]
[WhiteElo "2075"]
[BlackElo "2003"]
[WhiteFideId "24612332"]
[BlackFideId "1039792"]
[EventDate "2012.12.21"]

1. e4 c5 2. c3 d5 3. exd5 Qxd5 4. d4 Nc6 5. Nf3 Bg4 6. Be2 e6 7. O-O Nf6 8. Na3
Be7 9. Nb5 Rc8 10. Bf4 O-O 11. dxc5 Bxc5 12. Nd6 Bxd6 13. Qxd5 Nxd5 14. Bxd6
Rfd8 15. Bg3 Nf6 16. Rfd1 Ne4 17. Bf4 Kf8 18. h3 Bh5 19. g4 Bg6 20. Nh4 Ke7 21.
Nxg6+ hxg6 22. f3 Nf6 23. Kf2 Nd5 24. Bg3 g5 25. h4 gxh4 26. Bxh4+ f6 27. Bg3 g5
28. Rh1 Rh8 29. Bc4 Nb6 30. Bb3 Na5 31. Bc2 Nac4 32. b3 Na5 33. c4 Nc6 34. c5
Nd5 35. Bd6+ Kf7 36. Be4 Nc3 37. Bd3 Nb4 38. Bc4 Ncd5 39. a3 Nc2 40. Bxd5 Nxa1
41. Rxh8 Rxh8 42. Bxb7 Nxb3 43. c6 Na5 44. Ke3 Nc4+ 45. Kd4 Nxd6 46. Kc5 Ke7 47.
a4 Nxb7+ 48. cxb7 Kd7 0-1

[Event "Groningen Open A"]
[Site "Groningen NED"]
[Date "2012.12.29"]
[Round "8.44"]
[White "Van der Auweraert, Elwin"]
[Black "Ootes, Lennart"]
[Result "1-0"]
[WhiteElo "2126"]
[BlackElo "2209"]
[WhiteFideId "1029568"]
[BlackFideId "1020986"]
[EventDate "2012.12.21"]

1. e4 c5 2. Nf3 e6 3. d4 cxd4 4. Nxd4 Nc6 5. Nxc6 bxc6 6. c4 Nf6 7. Nc3 Bb4 8.
Bd3 e5 9. O-O O-O 10. Bg5 h6 11. Be3 Be7 12. Qe2 d6 13. h3 Qc7 14. Rfd1 Nh7 15.
Rd2 Be6 16. Rad1 Rad8 17. Bb1 Ng5 18. a3 f5 19. exf5 Bxf5 20. Bxf5 Rxf5 21. Qg4
Rdf8 22. h4 h5 23. Qg3 Ne6 24. Ne4 Nf4 25. Kh1 d5 26. cxd5 cxd5 27. Bxf4 Rxf4
28. Qb3 Qc4 29. Qxc4 dxc4 30. f3 Rxh4+ 31. Kg1 Rhf4 32. Rd5 h4 33. Rxe5 Bd8 34.
Red5 Bb6+ 35. Kh2 Rb8 36. Kh3 Re8 37. Rg5 Rfxe4 38. fxe4 Rxe4 39. Rg4 Rxg4 40.
Kxg4 Kf7 41. Rc1 Bd4 42. Rxc4 Bxb2 43. Rc7+ Ke6 44. Rxa7 Kd5 45. Kxh4 Kc6 46.
Kh5 Kb6 47. Ra4 Bf6 48. Rf4 Be7 49. Rf3 Bd6 50. Kg6 Be5 51. g4 Kb5 52. Rf5 1-0

[Event "Groningen Open A"]
[Site "Groningen NED"]
[Date "2012.12.30"]
[Round "9.2"]
[White "Gormally, Daniel W"]
[Black "Kovchan, Alexander"]
[Result "0-1"]
[WhiteTitle "GM"]
[BlackTitle "GM"]
[WhiteElo "2495"]
[BlackElo "2579"]
[WhiteFideId "406465"]
[BlackFideId "14103052"]
[EventDate "2012.12.21"]

1. d4 Nf6 2. Nf3 g6 3. c4 Bg7 4. Nc3 d5 5. Bf4 O-O 6. Rc1 Be6 7. e3 dxc4 8. Ng5
Bd5 9. e4 h6 10. exd5 hxg5 11. Bxg5 Nxd5 12. Bxc4 Nb6 13. Bb3 Nc6 14. d5 Nd4 15.
O-O Qd7 16. Re1 Rfe8 17. Be3 Nxb3 18. Qxb3 Bxc3 19. bxc3 Qxd5 20. c4 Qc6 21. Bg5
e5 22. Qg3 Nd7 23. Rcd1 Nf8 24. Rxe5 Rxe5 25. Qxe5 Qxc4 26. h3 Ne6 27. Bc1 Qc5
28. Qe4 Qc6 29. Qxc6 bxc6 30. Be3 Rb8 31. Bxa7 Ra8 32. Be3 Rxa2 33. Rc1 Ra6 34.
g4 f5 35. gxf5 gxf5 36. f4 Kf7 37. Kf2 c5 38. Bxc5 Nxf4 39. Kf3 Ne6 40. h4 Ra4
41. Bf2 Ra3+ 42. Kg2 Kf6 43. h5 Nf4+ 44. Kh1 Rh3+ 45. Kg1 Ne6 46. Rc6 Ke7 47.
Kg2 Rxh5 48. Bg3 Rg5 49. Kf2 Kd7 50. Rc2 Rg4 51. Be5 Ra4 52. Rd2+ Ke7 53. Rd5 c6
54. Rd3 Ng5 55. Bd6+ Ke6 56. Bc7 Ne4+ 57. Ke3 Ra7 58. Bf4 Ra8 59. Rb3 Nf6 60.
Bg3 Ra4 61. Kf3 Nd5 62. Rb8 Ra3+ 63. Kg2 f4 64. Bf2 Ne3+ 0-1

[Event "Groningen Open A"]
[Site "Groningen NED"]
[Date "2012.12.30"]
[Round "9.3"]
[White "Ernst, Sipke"]
[Black "Deviatkin, Andrei"]
[Result "1-0"]
[WhiteTitle "GM"]
[BlackTitle "GM"]
[WhiteElo "2562"]
[BlackElo "2569"]
[WhiteFideId "1004689"]
[BlackFideId "4121260"]
[EventDate "2012.12.21"]

1. d4 d6 2. Nf3 Bg4 3. e4 Nf6 4. Nbd2 e6 5. c3 c6 6. Bd3 Nbd7 7. Qc2 Be7 8. b3
Qc7 9. h3 Bh5 10. a4 a6 11. Ba3 c5 12. c4 cxd4 13. Nxd4 Nc5 14. O-O g5 15. Rfe1
g4 16. hxg4 Nxg4 17. Be2 Rg8 18. Nf1 Bf6 19. Rad1 Qe7 20. Ng3 Nxf2 21. Nxh5 Be5
22. Nf3 Ncxe4 23. Bd3 Bd4 24. Bxe4 Ba7 25. Kf1 Nxd1 26. Rxd1 O-O-O 27. Re1 Rg4
28. Bb2 Qc7 29. Nf6 Rg3 30. Qd2 Qb6 31. Nh5 Rxf3+ 32. Bxf3 Qxb3 33. Rc1 Qxa4 34.
Nf6 Bc5 35. g3 h5 36. Kg2 Qa2 37. Qc3 Qa4 38. Ra1 1-0

[Event "Groningen Open A"]
[Site "Groningen NED"]
[Date "2012.12.30"]
[Round "9.7"]
[White "Hovhanisian, Mher"]
[Black "Hausrath, Daniel"]
[Result "1/2-1/2"]
[WhiteTitle "IM"]
[BlackTitle "IM"]
[WhiteElo "2477"]
[BlackElo "2483"]
[WhiteFideId "13300865"]
[BlackFideId "4617495"]
[EventDate "2012.12.21"]

1. e4 c6 2. d4 d5 3. exd5 cxd5 4. c4 Nf6 5. Nc3 Nc6 6. Bg5 dxc4 7. Bxc4 h6 8.
Bxf6 exf6 9. Nf3 Bd6 10. O-O O-O 11. h3 Bf5 12. Bd3 Bd7 13. a3 Re8 14. Qc2 Rc8
15. Bh7+ Kh8 16. Bf5 Be6 17. Rfe1 Qd7 18. Bxe6 fxe6 19. Qa4 Bb8 20. Rad1 Qf7 21.
Re4 a6 22. Rde1 e5 23. dxe5 Nxe5 24. Nh4 f5 25. R4e2 Rc4 26. Qb3 Kg8 27. Nxf5 b5
28. Ng3 h5 29. Nce4 h4 30. Nf1 Rd8 31. Ned2 Rd3 32. Qa2 Rcd4 33. Qxf7+ Kxf7 34.
Rxe5 Bxe5 35. Rxe5 Rxd2 36. Nxd2 Rxd2 37. b4 Ra2 38. Re3 Ra1+ 39. Kh2 Ra2 40.
Rf3+ Ke6 41. g3 g5 42. Kg2 Ke5 43. Re3+ Kd4 44. Kf3 Rb2 45. Re4+ Kd5 46. Re2
Rb3+ 47. Re3 Rb2 48. Kg4 Rxf2 49. gxh4 gxh4 50. Kxh4 Rf8 51. Kg3 Rg8+ 52. Kf4
Rf8+ 53. Kg5 Rg8+ 54. Kf6 Rh8 55. Rg3 Kc4 56. Kg7 Rh5 57. Kg6 Rh8 58. Kg5 Rg8+
59. Kf4 Rh8 60. Kg4 Rg8+ 61. Kf3 Rh8 62. Kg2 Rh6 63. Rf3 Rg6+ 64. Kh2 Rh6 65.
Kg3 Kd4 66. h4 Ke4 67. Rf4+ Ke5 68. Rf8 Ke4 69. Rg8 Rc6 70. h5 Kf5 71. Kh4 Rc4+
72. Kh3 Rc1 73. Kg2 Rc2+ 74. Kh3 Rc1 75. Kh2 Rc4 76. Rg3 Rc2+ 77. Kh3 Rc1 78.
Kg2 Rc2+ 79. Kg1 Rc1+ 80. Kf2 Rc2+ 81. Ke1 Rh2 82. Rc3 Kg4 83. Rc6 Rxh5 84. Rxa6
Kf4 85. Kd2 Ke4 86. Rd6 Rh3 87. Rb6 Rxa3 88. Kc2 Kd4 89. Kb2 Rh3 90. Rxb5 Kc4
91. Rb8 Rb3+ 1/2-1/2

[Event "Groningen Open A"]
[Site "Groningen NED"]
[Date "2012.12.30"]
[Round "9.8"]
[White "Naroditsky, Daniel"]
[Black "Das, Arghyadip"]
[Result "1/2-1/2"]
[WhiteTitle "IM"]
[BlackTitle "IM"]
[WhiteElo "2483"]
[BlackElo "2476"]
[WhiteFideId "2026961"]
[BlackFideId "5003610"]
[EventDate "2012.12.21"]

1. e4 Nc6 2. Nf3 d6 3. d4 Nf6 4. Nc3 Bg4 5. Bb5 Nd7 6. d5 Ncb8 7. Be3 c5 8. e5
dxe5 9. h3 Bxf3 10. Qxf3 a6 11. Bc4 Nb6 12. Be2 N8d7 13. O-O-O Nc8 14. d6 Nxd6
15. Bg5 f6 16. Be3 e6 17. Ne4 Qc7 18. Nxd6+ Bxd6 19. Bc4 O-O-O 20. Bxe6 Kb8 21.
Qe4 g6 22. g4 Rhe8 23. Bb3 Nb6 24. c3 Rf8 25. Bh6 Rfe8 26. Be3 Rf8 27. Bh6 Rfe8
28. Be3 1/2-1/2

[Event "Groningen Open A"]
[Site "Groningen NED"]
[Date "2012.12.30"]
[Round "9.15"]
[White "Pacher, Milan"]
[Black "Pel, Bonno"]
[Result "1-0"]
[WhiteTitle "IM"]
[BlackTitle "FM"]
[WhiteElo "2436"]
[BlackElo "2288"]
[WhiteFideId "14907445"]
[BlackFideId "1004760"]
[EventDate "2012.12.21"]

1. e4 d6 2. d4 g6 3. f4 Bg7 4. Nf3 Nf6 5. Bd3 O-O 6. O-O Na6 7. Nc3 c5 8. d5 Rb8
9. Kh1 Nc7 10. a4 a6 11. a5 b5 12. axb6 Rxb6 13. Qe1 Bg4 14. Nd2 Bd7 15. Nc4 Rb8
16. b3 Nfe8 17. Bb2 e6 18. dxe6 fxe6 19. Rd1 Nb5 20. Ne2 Bxb2 21. Nxb2 Qe7 22.
c4 Na7 23. Bc2 Nc6 24. Nd3 e5 25. Qg3 Nf6 26. fxe5 dxe5 27. Qg5 Bg4 28. Ndc1
Rbd8 29. Rde1 Bxe2 30. Nxe2 Nd4 31. Nxd4 Rxd4 32. Rf5 Qg7 33. Rxe5 h6 34. Qc1
Ng4 35. Rd5 Qf6 36. h3 Qh4 37. Re2 Nf2+ 38. Kg1 Rf4 39. Qe3 Rxd5 1-0

[Event "Groningen Open A"]
[Site "Groningen NED"]
[Date "2012.12.30"]
[Round "9.20"]
[White "Mamedjarova, Turkan"]
[Black "Nestorovic, Nikola"]
[Result "1-0"]
[WhiteTitle "WGM"]
[BlackTitle "IM"]
[WhiteElo "2277"]
[BlackElo "2429"]
[WhiteFideId "13402005"]
[BlackFideId "934526"]
[EventDate "2012.12.21"]

1. e4 c5 2. c3 e6 3. d4 d5 4. exd5 exd5 5. Nf3 a6 6. Bd3 c4 7. Bc2 Nc6 8. h3 Bd6
9. O-O Nge7 10. Re1 f6 11. Nh4 O-O 12. Qh5 f5 13. Nd2 Qe8 14. Qxe8 Rxe8 15. Ndf3
f4 16. Ng5 h6 17. Bh7+ Kf8 18. Ne6+ Kf7 19. Bxf4 Bxf4 20. Nxf4 g5 21. Nxd5 gxh4
22. Nc7 Rh8 23. Nxa8 Rxh7 24. Nb6 Be6 25. Re4 Nd5 26. Nxc4 Nf6 27. Ne5+ Nxe5 28.
Rxe5 Bd5 29. Rae1 Kg6 30. Re7 Rh8 31. b3 b5 32. Rc7 Rg8 33. Rc5 Rb8 34. Kh2 Rb6
35. f4 1-0

[Event "Groningen Open A"]
[Site "Groningen NED"]
[Date "2012.12.30"]
[Round "9.22"]
[White "Goudriaan, Etienne"]
[Black "Umudova, Nargiz"]
[Result "1/2-1/2"]
[WhiteTitle "FM"]
[BlackTitle "WIM"]
[WhiteElo "2366"]
[BlackElo "2220"]
[WhiteFideId "1021150"]
[BlackFideId "13402137"]
[EventDate "2012.12.21"]

1. d4 g6 2. c4 Bg7 3. Nc3 d6 4. e4 Nc6 5. Be3 e5 6. Nf3 Bg4 7. d5 Nd4 8. Be2
Bxf3 9. Bxf3 c5 10. dxc6 bxc6 11. O-O Rb8 12. b3 Ne7 13. g3 O-O 14. Bg2 f5 15.
Rc1 c5 16. Qd2 Kh8 17. Kh1 Qd7 18. Bg5 Nec6 19. Be3 f4 20. gxf4 Qg4 21. f3 Qh5
22. Nd5 Rf7 23. Bxd4 Nxd4 24. fxe5 dxe5 25. b4 Rbf8 26. bxc5 Bh6 27. f4 Bxf4 28.
Rxf4 Rxf4 29. Nxf4 Rxf4 30. c6 Nxc6 31. Qd7 Nd4 32. Rb1 Rf8 33. h3 Qg5 34. Rb7
Qc1+ 35. Kh2 Qf4+ 36. Kh1 Qc1+ 37. Kh2 Qf4+ 38. Kh1 Qc1+ 1/2-1/2

[Event "Groningen Open A"]
[Site "Groningen NED"]
[Date "2012.12.30"]
[Round "9.23"]
[White "Berkovich, Mark A"]
[Black "Van Overdam, Jan"]
[Result "1-0"]
[WhiteTitle "IM"]
[WhiteElo "2359"]
[BlackElo "2157"]
[WhiteFideId "2801639"]
[BlackFideId "1022741"]
[EventDate "2012.12.21"]

1. d4 Nf6 2. Nf3 b6 3. g3 Bb7 4. Bg2 e6 5. c4 Bb4+ 6. Bd2 Qe7 7. O-O Bxd2 8.
Nbxd2 O-O 9. Qc2 c5 10. e4 d5 11. exd5 exd5 12. Rfe1 Qd6 13. cxd5 Na6 14. Rad1
Bxd5 15. Qa4 Nb4 16. dxc5 Qxc5 17. Nb3 Bxb3 18. Qxb3 Rad8 19. Rxd8 Rxd8 20. Ne5
Nbd5 21. Qa4 b5 22. Qa5 Re8 23. Nd3 Rxe1+ 24. Qxe1 Qd6 25. Qe5 Qxe5 26. Nxe5 Nb6
27. Kf1 Nfd5 28. Ke2 Nc7 29. Kd3 f6 30. Nc6 a6 31. b4 Kf7 32. Bh3 Nc4 33. Kd4 g6
34. Bd7 Nb6 35. Bh3 Nc4 36. f4 Nb6 37. Kc5 Na4+ 38. Kd4 Nb6 39. Kc5 Na4+ 40. Kd6
Ne8+ 41. Kd7 Nb6+ 42. Kd8 Nc4 43. Bc8 Ned6 44. Bxa6 Na3 45. Nd4 Ne4 46. Bxb5 Nc3
47. Bd7 1-0

[Event "Groningen Open A"]
[Site "Groningen NED"]
[Date "2012.12.30"]
[Round "9.25"]
[White "Henseler, Jorgen"]
[Black "Afek, Yochanan"]
[Result "0-1"]
[BlackTitle "IM"]
[WhiteElo "2076"]
[BlackElo "2311"]
[WhiteFideId "1023233"]
[BlackFideId "2800462"]
[EventDate "2012.12.21"]

1. e4 c5 2. Nf3 Nf6 3. e5 Nd5 4. Nc3 e6 5. Nxd5 exd5 6. d4 Nc6 7. dxc5 Bxc5 8.
Qxd5 d6 9. exd6 Qb6 10. Qe4+ Be6 11. Qh4 Bxd6 12. Bd3 Nb4 13. O-O Nxd3 14. Qa4+
Qc6 15. Qxc6+ bxc6 16. cxd3 O-O-O 17. Be3 Kb7 18. Ng5 Bd5 19. Ne4 Be5 20. f4 Bc7
21. Nc5+ Ka8 22. Na6 Bd6 23. Bc5 Kb7 24. Bxd6 Rxd6 25. Nc5+ Kb6 26. b4 Re8 27.
a3 Re2 28. Rf2 Re7 29. Rff1 Rd8 30. Rfe1 Rde8 31. Rxe7 Rxe7 32. Kf2 Kb5 33. Rc1
f6 34. g3 g5 35. fxg5 fxg5 36. Ne4 Ka4 37. Nc3+ Kxa3 38. Nxd5 cxd5 39. b5 Kb4
40. d4 Kxb5 41. Rc5+ Kb4 42. Rxd5 a5 43. Rd8 Ra7 44. Ke3 a4 45. Rb8+ Kc4 46. Ke4
a3 47. Rb1 a2 48. Ra1 Kb3 49. d5 Kb2 50. Rxa2+ Rxa2 51. d6 Kc3 52. Ke5 Rxh2 0-1

[Event "Groningen Open A"]
[Site "Groningen NED"]
[Date "2012.12.30"]
[Round "9.31"]
[White "Kerigan, Demre"]
[Black "Grigoryan, Meri"]
[Result "1-0"]
[BlackTitle "WF"]
[WhiteElo "2233"]
[BlackElo "2025"]
[WhiteFideId "6307841"]
[BlackFideId "13300571"]
[EventDate "2012.12.21"]

1. e4 e5 2. Nf3 Nf6 3. Nxe5 Qe7 4. d4 d6 5. Nf3 Nxe4 6. Be2 g6 7. O-O Bg7 8. Re1
O-O 9. Bc4 Qd8 10. Rxe4 d5 11. Bxd5 Qxd5 12. Nc3 Qa5 13. Bf4 Bf5 14. Re7 Na6 15.
Be5 Qb4 16. Bxg7 Kxg7 17. Qe1 Be6 18. Qxe6 1-0

[Event "Groningen Open A"]
[Site "Groningen NED"]
[Date "2012.12.30"]
[Round "9.32"]
[White "Ypma, Peter"]
[Black "Lyell, Mark"]
[Result "0-1"]
[BlackTitle "FM"]
[WhiteElo "2157"]
[BlackElo "2226"]
[WhiteFideId "1027255"]
[BlackFideId "402354"]
[EventDate "2012.12.21"]

1. g3 e5 2. Bg2 d5 3. c4 d4 4. Qa4+ Bd7 5. Qa5 Nc6 6. Bxc6 Bxc6 7. Qxe5+ Be7 8.
f3 Nf6 9. b4 O-O 10. Bb2 Nd7 11. Qf4 Bd6 12. Qh4 Qxh4 13. gxh4 Bxb4 14. Bxd4 Be7
15. Bf2 Ne5 16. c5 Nd7 17. Nh3 Nxc5 18. O-O Ne6 19. Nc3 Rad8 20. d3 h5 21. Bg3
Rd7 22. Rab1 g6 23. Ne4 Nd4 24. Nf4 Nf5 25. Ng2 Re8 26. Rfc1 Nxg3 27. hxg3 f5
28. Nc3 Kf7 29. Kf2 Bf6 30. Rc2 Bd4+ 31. Kf1 Be5 32. Kf2 a6 33. Rb4 b5 34. Na4
a5 35. Rb1 Bd4+ 36. e3 bxa4 37. Rxc6 Bb6 38. d4 Rde7 39. Rc4 Re6 40. Rxa4 Rc6
41. Rb2 Rc3 42. Re2 Re6 43. Nf4 Rec6 44. Rd2 Rc1 45. Ne2 Rb1 46. Ra3 Rc4 47. Rc3
Rcb4 48. a3 R4b2 49. Rxb2 Rxb2 50. e4 0-1

[Event "Groningen Open A"]
[Site "Groningen NED"]
[Date "2012.12.30"]
[Round "9.34"]
[White "Dijkhuis, Tycho"]
[Black "Duijker, Rick"]
[Result "1/2-1/2"]
[BlackTitle "FM"]
[WhiteElo "2062"]
[BlackElo "2242"]
[WhiteFideId "1036564"]
[BlackFideId "1010565"]
[EventDate "2012.12.21"]

1. e4 e5 2. Nf3 Nc6 3. Bb5 Nf6 4. O-O Nxe4 5. d4 Nd6 6. Bxc6 dxc6 7. dxe5 Nf5 8.
Qxd8+ Kxd8 9. Nc3 h6 10. h3 Bd7 11. b3 Kc8 12. Bb2 b6 13. Rad1 Ne7 14. Ne2 a5
15. a4 c5 16. c4 Bc6 17. Rd3 Ng6 18. h4 Be7 19. h5 Nf8 20. Nf4 Ne6 21. Nxe6 fxe6
22. Rfd1 Kb7 23. Kf1 Raf8 24. Ke2 Rf5 25. g4 Rf4 26. Rg1 Rhf8 27. Rg3 Bh4 28.
Rh3 Bg5 29. Rg3 Re4+ 30. Kf1 Ref4 31. Ke2 Kc8 32. Ba1 Re4+ 33. Kf1 Ref4 34. Ke2
Be4 35. Rc3 Bb1 36. Bb2 Re4+ 37. Kf1 Ref4 38. Ke2 Kd7 39. Bc1 Re4+ 40. Be3 Bf4
41. Rg1 Bxe3 42. Rxe3 Rxe3+ 43. Kxe3 1/2-1/2

[Event "Groningen Open A"]
[Site "Groningen NED"]
[Date "2012.12.30"]
[Round "9.37"]
[White "Vereggen, Lars"]
[Black "Lee, Kai Jie Edward"]
[Result "1/2-1/2"]
[WhiteElo "2059"]
[BlackElo "2165"]
[WhiteFideId "1029258"]
[BlackFideId "5802920"]
[EventDate "2012.12.21"]

1. d4 Nf6 2. c4 e6 3. Nf3 d5 4. g3 Bb4+ 5. Bd2 Be7 6. Bg2 Nbd7 7. O-O O-O 8. Bc3
Ne4 9. Nbd2 Nxc3 10. bxc3 c6 11. cxd5 cxd5 12. c4 Re8 13. e3 b6 14. cxd5 exd5
15. Qb3 Bb7 16. Rfc1 Bd6 17. Rc2 Nf6 18. Rac1 Qe7 19. Rc3 Red8 20. Bf1 Rab8 21.
Bh3 b5 22. Qxb5 Ne4 23. Nxe4 dxe4 24. Nd2 a6 25. Qe2 Bb4 26. Rc7 Qf6 27. Nc4 Bd5
28. Ne5 Bd6 29. Nd7 Qh6 30. Nxb8 Qxh3 31. Nxa6 Bxc7 32. Nxc7 Bb7 33. Qc2 Rd6 34.
Qa4 Qc8 35. Rc5 Kf8 36. Nb5 Rc6 37. Qb4 Kg8 38. Nd6 Rxc5 39. dxc5 Qg4 40. Qd4
Bc6 41. a4 h5 42. Nc4 f6 43. Na5 Bd7 44. c6 Be6 45. Kf1 Qf3 46. c7 Qg4 47. c8=Q+
Bxc8 48. Qc4+ Kh7 49. Qxc8 Qd1+ 50. Kg2 Qf3+ 1/2-1/2

[Event "Groningen Open A"]
[Site "Groningen NED"]
[Date "2012.12.30"]
[Round "9.39"]
[White "Schoehuijs, Erik"]
[Black "Sparenberg, Erik"]
[Result "1-0"]
[WhiteElo "2160"]
[BlackElo "2114"]
[WhiteFideId "1004425"]
[BlackFideId "1013262"]
[EventDate "2012.12.21"]

1. d4 Nf6 2. c4 c5 3. d5 b5 4. cxb5 a6 5. b6 Qxb6 6. Nc3 d6 7. e4 g6 8. Nf3 Bg7
9. Bd3 O-O 10. h3 e6 11. O-O exd5 12. exd5 Bb7 13. Bc4 Nbd7 14. a4 Rfe8 15. a5
Qc7 16. Qb3 Rab8 17. Qa4 Ne4 18. Nxe4 Rxe4 19. Qc2 Rbe8 20. Be3 Qc8 21. Ra4 R8e7
22. Rd1 Ne5 23. Nd2 Qa8 24. Ba2 Bc8 25. Nxe4 Bf5 26. Qe2 Bxe4 27. Rxe4 f5 28.
Ra4 Rb7 29. Rb1 Rb8 30. Bc1 1-0

[Event "Groningen Open A"]
[Site "Groningen NED"]
[Date "2012.12.30"]
[Round "9.41"]
[White "Gerlagh, Joris"]
[Black "Van der Auweraert, Elwin"]
[Result "1/2-1/2"]
[WhiteElo "1925"]
[BlackElo "2126"]
[WhiteFideId "1038834"]
[BlackFideId "1029568"]
[EventDate "2012.12.21"]

1. e4 c5 2. Nc3 d6 3. g3 g6 4. Bg2 Bg7 5. d3 Nc6 6. Be3 Rb8 7. Qd2 b5 8. Nge2 b4
9. Nd1 a5 10. O-O Ba6 11. Re1 Qb6 12. h3 e6 13. Rc1 Qb5 14. Bf4 Rd8 15. g4 Nge7
16. Bh6 O-O 17. Bxg7 Kxg7 18. Ng3 f6 19. Ne3 d5 20. exd5 exd5 21. Ne2 Qb6 22.
Nf4 Rd6 23. Nexd5 Nxd5 24. Bxd5 Ne5 25. Bg2 Bb7 26. Qe3 Bxg2 27. Nxg2 Qc6 28.
Nh4 Qd5 29. f4 Nc6 30. Nf3 Rf7 31. Qe4 Qxa2 32. b3 Qb2 33. Qc4 Nd4 34. Nxd4 Rxd4
35. Qxc5 Rxf4 36. Rb1 Qd4+ 37. Qxd4 Rxd4 38. Ra1 Rd5 39. Re4 f5 40. Rc4 f4 41.
Re1 h5 42. Kf2 hxg4 43. hxg4 g5 44. Rc6 Rf6 45. Rc7+ Rf7 46. Rc4 Rfd7 47. Kf3
Kf7 48. Rh1 Re7 49. Rh7+ Ke8 50. Rh8+ Kd7 51. Rcc8 Rde5 52. Rhd8+ Ke6 53. d4
Re3+ 54. Kf2 Rh3 55. Rc5 Rh2+ 56. Kg1 Rd2 57. Rxg5 Kf6 58. Rf5+ Kg7 59. Rxf4
Re1+ 60. Rf1 Ree2 61. Rf5 Re1+ 1/2-1/2

[Event "Groningen Open A"]
[Site "Groningen NED"]
[Date "2012.12.30"]
[Round "9.44"]
[White "Ootes, Lennart"]
[Black "Hummel, Paul"]
[Result "0-1"]
[WhiteElo "2209"]
[BlackElo "2021"]
[WhiteFideId "1020986"]
[BlackFideId "1021168"]
[EventDate "2012.12.21"]

1. e4 c5 2. Qh5 e6 3. f4 Nf6 4. Qf3 d5 5. e5 Nfd7 6. c3 Nc6 7. Bd3 b6 8. Ne2 Bb7
9. Bc2 d4 10. Be4 Ncxe5 11. fxe5 Nxe5 12. Qf4 Bd6 13. O-O g5 14. Qxe5 Bxe5 15.
Bxb7 d3 16. Bc6+ Ke7 17. Bxa8 dxe2 18. Re1 Qxa8 19. d4 cxd4 20. Bxg5+ f6 21.
Rxe2 Qd5 22. Bh4 d3 23. Rf2 Qe4 24. g3 Rg8 25. Nd2 Qxh4 0-1